Central Library OPAC University of Rajshahi

Politics and personalities in Pakistan / (Record no. 36194)

MARC details
000 -LEADER
fixed length control field 00687nam a22002172a 4500
001 - CONTROL NUMBER
control field 36194
003 - CONTROL NUMBER IDENTIFIER
rucl marc code BD-RjUL
005 - DATE AND TIME OF LATEST TRANSACTION
control field 20211209052441.0
008 - FIXED-LENGTH DATA ELEMENTS--GENERAL INFORMATION
fixed length control field 140617s1967 pk 001 0 eng d
035 ## - SYSTEM CONTROL NUMBER
System control number (BD-RjUL)36291
-- OCLC ocm21693358 from D950103M
040 ## - CATALOGING SOURCE
Original cataloging agency CUY
Transcribing agency CUY
Modifying agency BD-RjUL
Language of cataloging eng
041 ## - LANGUAGE CODE
Language code of text/sound track or separate title eng
082 ## - DEWEY DECIMAL CLASSIFICATION NUMBER
Classification number 320.95491
Author mark and year AHP 1967
100 1# - MAIN ENTRY--PERSONAL NAME
Personal name Ahsan, Syed Qamarul.
9 (RLIN) 110140
245 10 - TITLE STATEMENT
Title Politics and personalities in Pakistan /
Statement of responsibility, etc. Syed Qamarul Ahsan
260 ## - PUBLICATION, DISTRIBUTION, ETC. (IMPRINT)
Place of publication, distribution, etc. Habigunj, Pakistan :
Name of publisher, distributor, etc. Syeda Raushan Akhtar Nadera Begum,
Date of publication, distribution, etc. 1967.
300 ## - PHYSICAL DESCRIPTION
Pagination viii, 136 p. ;
Size 18 cm
504 ## - BIBLIOGRAPHY, ETC. NOTE
Bibliography, etc Includes index.
651 #0 - SUBJECT ADDED ENTRY--GEOGRAPHIC NAME
Geographic name Pakistan
General subdivision Politics and government
9 (RLIN) 110141
942 ## - ADDED ENTRY ELEMENTS (KOHA)
Source of classification or shelving scheme Dewey Decimal Classification
Koha item type Books
Holdings
Lost status Source of classification or shelving scheme Damaged status Not for loan Collection code Permanent Location Current Location Shelving location Date acquired Source of acquisition Cost, normal purchase price Total Checkouts Full call number Date last seen Copy number Koha item type
  Dewey Decimal Classification     Non-fiction Central Library, University of Rajshahi Central Library, University of Rajshahi   22/07/1968 Mirza Book Agency 3.75   320.95491 AHP 1967 17/06/2014 C-8 Books
  Dewey Decimal Classification     Non-fiction Central Library, University of Rajshahi Central Library, University of Rajshahi   16/12/1967 Royal Book Corporation, Karachi. 3.75   320.95491 AHP 1967 18/06/2014 C-2 Books
  Dewey Decimal Classification     Non-fiction Central Library, University of Rajshahi Central Library, University of Rajshahi   16/12/1967 Royal Book Corporation, Karachi. 3.75   320.95491 AHP 1967 18/06/2014 C-4 Books
  Dewey Decimal Classification     Non-fiction Central Library, University of Rajshahi Central Library, University of Rajshahi   16/12/1967 Royal Book Corporation, Karachi. 3.75   320.95491 AHP 1967 18/06/2014 C-5 Books
  Dewey Decimal Classification     Non-fiction Central Library, University of Rajshahi Central Library, University of Rajshahi   22/07/1968 Mirza Book Corporation. 3.75   320.95491 AHP 1967 18/06/2014 C-6 Books
  Dewey Decimal Classification     Non-fiction Central Library, University of Rajshahi Central Library, University of Rajshahi   22/07/1968 Mirza Book Corporation. 3.75   320.95491 AHP 1967 18/06/2014 C-7 Books
  Dewey Decimal Classification     Non-fiction Central Library, University of Rajshahi Central Library, University of Rajshahi   16/12/1967 Royal book co. Karachi 3.75   320.95491 AHP 1967 30/05/2016 C-8 Books